[Event "AUTO-ADV-2680"]
[Site "http://www.queenalice.com/game.php?id=1158291"]
[Date "2013.3.6"]
[Round "2"]
[White "bbbdermn"]
[Black "animis"]
[Result "1-0"]
[WhiteElo "2193"]
[BlackElo "1919"]

1. d4 d5 2. c4 Nf6 3. Nc3 e6 4. Bg5 Nbd7 5. Nf3 c5 6. e3 a6 7. cxd5 cxd4 8. exd4
Nb6 9. dxe6 Bxe6 10. Bd3 Bb4 11. O-O O-O 12. Bxf6 Qxf6 13. Ne4 Qe7 14. Neg5 h6
15. Nxe6 Qxe6 16. a3 Bd6 17. Re1 Qf6 18. Be4 Rab8 19. Qb3 Be7 20. Ne5 Rfd8 21.
Bg6 1-0

[Event "AUTO-ADV-2680"]
[Site "http://www.queenalice.com/game.php?id=1158294"]
[Date "2013.3.6"]
[Round "2"]
[White "bbbdermn"]
[Black "Canaye"]
[Result "1-0"]
[WhiteElo "2191"]
[BlackElo "1809"]

1. d4 e6 2. c4 d5 3. Nc3 Bb4 4. Nf3 Nf6 5. cxd5 exd5 6. Bg5 Nbd7 7. Qc2 c5 8. a3
Bxc3+ 9. Qxc3 c4 10. Nd2 h6 11. Bf4 O-O 12. e3 Nh5 13. Be5 Nxe5 14. dxe5 b5 15.
a4 Bd7 16. axb5 Bxb5 17. b3 Qc8 18. Be2 g6 19. bxc4 Bxc4 20. Nxc4 dxc4 21. O-O
Ng7 22. Bxc4 Nf5 23. Rfc1 Qd8 24. e6 fxe6 25. Bxe6+ Kh7 26. Qe5 Qd6 27. Rc7+ 1-0

[Event "AUTO-ADV-2680"]
[Site "http://www.queenalice.com/game.php?id=1158295"]
[Date "2013.3.6"]
[Round "2"]
[White "Canaye"]
[Black "bbbdermn"]
[Result "0-1"]
[WhiteElo "1807"]
[BlackElo "2192"]

1. d4 Nf6 2. c4 e6 3. Nc3 g6 4. e4 Bg7 5. f3 d6 6. Bd3 Nc6 7. Bg5 Nxd4 8. Nge2
c5 9. Nxd4 cxd4 10. Ne2 Qb6 11. Rb1 Nd7 12. Bd2 Nc5 13. Qc2 e5 14. O-O Bd7 15.
f4 f5 16. Ng3 fxe4 17. Bxe4 d3 18. Qc3 Nxe4+ 19. c5 Nxc3 20. cxb6 Nxb1 21. Rxb1
axb6 22. Ne4 O-O 23. Nxd6 exf4 24. b3 Rxa2 25. Bb4 Bd4+ 26. Kf1 f3 27. g3 Bh3+
28. Ke1 f2+ 0-1

[Event "AUTO-OPEN-2850"]
[Site "http://www.queenalice.com/game.php?id=1158453"]
[Date "2013.3.6"]
[Round "2"]
[White "ORIONN"]
[Black "bbbdermn"]
[Result "0-1"]
[WhiteElo "1953"]
[BlackElo "2208"]

1. d4 Nf6 2. Nc3 d5 3. e3 e6 4. Bd3 Bb4 5. a3 Be7 6. Nf3 Nbd7 7. O-O c5 8. Re1
O-O 9. Bf1 b6 10. e4 Nxe4 11. Nxe4 dxe4 12. Rxe4 Bb7 13. Re1 Bf6 14. c3 Bxf3 15.
Qxf3 cxd4 16. Bd2 dxc3 17. Bxc3 Bxc3 18. Qxc3 Rc8 19. Qg3 Nf6 20. Rad1 Qc7 21.
Qb3 Rfd8 22. Ba6 Rxd1 23. Rxd1 Rd8 24. g3 Rxd1+ 25. Qxd1 Kf8 26. Be2 Ke7 27. Qd2
Qc5 28. Bf3 g5 29. b4 Qe5 30. Qc1 g4 31. Bb7 h5 32. Bc6 Nh7 33. Qd2 Ng5 34. Kg2
Nh3 35. f4 Qa1 36. Qd7+ Kf6 0-1

[Event "AUTO-OPEN-2850"]
[Site "http://www.queenalice.com/game.php?id=1158454"]
[Date "2013.3.6"]
[Round "2"]
[White "bbbdermn"]
[Black "ORIONN"]
[Result "1-0"]
[WhiteElo "2196"]
[BlackElo "1943"]

1. d4 g6 2. c4 Bg7 3. Nc3 e6 4. e4 d6 5. Nf3 Nd7 6. Bg5 Ne7 7. Qd2 O-O 8. h4 h5
9. Rd1 Nf6 10. Be2 Nh7 11. Bh6 c6 12. Bxg7 Kxg7 13. e5 d5 14. b3 Nf5 15. Bd3 Nh6
16. O-O Ng4 17. Ne2 f6 18. Nf4 f5 19. cxd5 cxd5 20. Rc1 Rf7 21. Qb4 a6 22. Rc3
b5 23. Rfc1 Nf8 24. Ng5 Rb7 25. Rxc8 Rxc8 26. Nfxe6+ Nxe6 27. Nxe6+ 1-0

[Event "AUTO-OPEN-2850"]
[Site "http://www.queenalice.com/game.php?id=1158459"]
[Date "2013.3.6"]
[Round "2"]
[White "alvm"]
[Black "bbbdermn"]
[Result "0-1"]
[WhiteElo "1662"]
[BlackElo "2230"]

1. d4 Nf6 2. c4 e6 3. Nc3 Bb4 4. Nf3 Bxc3+ 5. bxc3 b6 6. Ba3 Bb7 7. e3 d6 8. Bd3
O-O 9. O-O Be4 10. Bxe4 Nxe4 11. Qd3 f5 12. d5 e5 13. Rab1 Nd7 14. Rfd1 Nxf2 15.
Kxf2 e4 16. Qd4 exf3 17. gxf3 f4 18. e4 Ne5 19. Rg1 Rf6 0-1

[Event "AUTO-OPEN-2850"]
[Site "http://www.queenalice.com/game.php?id=1158460"]
[Date "2013.3.6"]
[Round "2"]
[White "bbbdermn"]
[Black "alvm"]
[Result "1-0"]
[WhiteElo "2229"]
[BlackElo "1781"]

1. d4 d5 2. c4 e6 3. Nc3 Nf6 4. cxd5 exd5 5. Bg5 Be7 6. e3 O-O 7. Bd3 c6 8. Nge2
Be6 9. O-O Nbd7 10. Nf4 Bg4 11. f3 Be6 12. Bc2 h6 13. Bh4 g5 14. Nxe6 fxe6 15.
Bg3 Ne8 16. Qd3 Ndf6 17. Qg6+ Ng7 18. Qxh6 Nh7 19. Qxh7+ 1-0

[Event "AUTO-ADV-2679"]
[Site "http://www.queenalice.com/game.php?id=1162236"]
[Date "2013.3.18"]
[Round "2"]
[White "chessman"]
[Black "bbbdermn"]
[Result "0-1"]
[WhiteElo "1934"]
[BlackElo "2200"]

1. e4 c5 2. Nf3 d6 3. Bb5+ Nd7 4. a4 Nf6 5. d3 g6 6. O-O Bg7 7. Re1 O-O 8. h3 a6
9. Bc4 e6 10. Nc3 b6 11. Be3 Bb7 12. Qd2 d5 13. e5 Nh5 0-1

[Event "AUTO-ADV-2679"]
[Site "http://www.queenalice.com/game.php?id=1162237"]
[Date "2013.3.18"]
[Round "2"]
[White "bbbdermn"]
[Black "chessman"]
[Result "1-0"]
[WhiteElo "2205"]
[BlackElo "1914"]

1. d4 d5 2. c4 c6 3. Nc3 Nf6 4. Nf3 e6 5. e3 Be7 6. Bd3 O-O 7. O-O Nbd7 8. b3
Re8 9. Qc2 h6 10. Bb2 Nf8 11. Ne5 Bd6 12. Rae1 a6 13. f4 dxc4 14. bxc4 c5 15.
Rf3 cxd4 16. exd4 Bb4 17. Qf2 Qa5 18. a3 Bxc3 19. Bxc3 Qxa3 20. Rg3 Qe7 21.
Rxg7+ Kxg7 22. Qg3+ Kh8 23. d5 1-0

[Event "AUTO-ADV-2679"]
[Site "http://www.queenalice.com/game.php?id=1162240"]
[Date "2013.3.18"]
[Round "2"]
[White "FPM"]
[Black "bbbdermn"]
[Result "0-1"]
[WhiteElo "1854"]
[BlackElo "2227"]

1. e4 c5 2. c3 g6 3. d4 Bg7 4. d5 d6 5. h3 Nf6 6. Nf3 O-O 7. Bf4 Nxe4 8. Nbd2
Nf6 9. c4 b5 10. b3 bxc4 11. bxc4 Na6 12. Rb1 Bf5 13. Rb7 Nb4 14. a3 Nc2+ 15.
Ke2 Qa5 16. g4 Nxd5 17. cxd5 Qa6+ 18. Nc4 Qxc4+ 19. Kd2 Qxf4+ 20. Ke2 Nd4+ 21.
Nxd4 Qe4+ 22. Kd2 Qxd4+ 23. Ke1 Qe4+ 24. Kd2 Qf4+ 25. Ke2 Qe5+ 26. Kd2 Bh6+ 0-1

[Event "AUTO-ADV-2679"]
[Site "http://www.queenalice.com/game.php?id=1162241"]
[Date "2013.3.18"]
[Round "2"]
[White "bbbdermn"]
[Black "FPM"]
[Result "1-0"]
[WhiteElo "2228"]
[BlackElo "1825"]

1. d4 c6 2. c4 d5 3. Nc3 Nf6 4. Nf3 Bg4 5. e3 e6 6. h3 Bh5 7. Qb3 Bxf3 8. Qxb7
Nbd7 9. gxf3 Qc8 10. Qxc8+ Rxc8 11. c5 e5 12. b4 g6 13. b5 exd4 14. exd4 Bg7 15.
bxc6 Rxc6 16. Bb5 Rc8 17. Be3 O-O 18. Ba6 Rce8 19. O-O Nb8 20. Bb7 Rd8 21. Rab1
Ne8 22. Nxd5 f5 23. Rfe1 Nf6 24. Nxf6+ Bxf6 25. d5 Rf7 26. c6 Be5 27. Bg5 Rxd5
28. c7 Rxc7 29. Bxd5+ 1-0

[Event "AUTO-ADV-2679"]
[Site "http://www.queenalice.com/game.php?id=1162242"]
[Date "2013.3.18"]
[Round "2"]
[White "Shydo"]
[Black "bbbdermn"]
[Result "0-1"]
[WhiteElo "1776"]
[BlackElo "2251"]

1. e4 c5 2. Nf3 d6 3. d4 cxd4 4. Nxd4 Nf6 5. Nc3 Bd7 6. Be3 Nc6 7. Qd2 Ng4 8.
Be2 Nxe3 9. fxe3 g6 10. O-O-O Ne5 11. h3 Bg7 12. Kb1 a6 13. g4 b5 14. a3 Rb8 15.
Rdf1 Nc4 16. Bxc4 bxc4 17. Ka2 O-O 18. Qe2 Qc7 19. h4 e5 20. Nf3 Bxg4 21. Qg2
Bh5 22. Nd5 Qb7 23. c3 f5 24. Ng5 fxe4 25. Rxf8+ Rxf8 26. Qxe4 Kh8 27. Ne6 Bf3
28. Qb1 Qxd5 29. Nxf8 Bxh1 30. Nxg6+ hxg6 31. Qxg6 Be4 32. Qh5+ Kg8 33. Qe8+ Bf8
34. h5 Qd1 35. Qe6+ Kh8 36. Qf6+ Bg7 37. Qd8+ Kh7 38. Qg5 Qb1# 0-1

[Event "AUTO-ADV-2679"]
[Site "http://www.queenalice.com/game.php?id=1162243"]
[Date "2013.3.18"]
[Round "2"]
[White "bbbdermn"]
[Black "Shydo"]
[Result "1-0"]
[WhiteElo "2231"]
[BlackElo "1706"]

1. d4 Nf6 2. c4 e6 3. Nc3 Bb4 4. e3 d5 5. Nf3 O-O 6. a3 Bxc3+ 7. bxc3 dxc4 8.
Bxc4 Nc6 9. O-O a6 10. a4 b6 11. Bd3 Bb7 12. Re1 Qd6 13. Ba3 Qd5 14. e4 Qd7 15.
e5 Ne8 16. Bxh7+ Kxh7 17. Ng5+ Kg6 18. Re3 f6 19. Rh3 fxg5 20. Qh5+ Kf5 21. Rf3+
Ke4 22. Re3+ Kd5 23. c4+ Kxc4 24. Qe2+ Kd5 25. Qa2+ 1-0

[Event "AUTO-OPEN-2816"]
[Site "http://www.queenalice.com/game.php?id=1168322"]
[Date "2013.4.4"]
[Round "2"]
[White "bbbdermn"]
[Black "kamikaze"]
[Result "1-0"]
[WhiteElo "2219"]
[BlackElo "2186"]

1. d4 d5 2. c4 Nc6 3. Nc3 e5 4. cxd5 exd4 5. dxc6 dxc3 6. Qxd8+ Kxd8 7. cxb7
Bxb7 8. bxc3 Bd6 9. e3 Rb8 10. Nf3 Nf6 11. Nd4 Re8 12. Bc4 Kd7 13. O-O Bd5 14.
Bd3 Be4 15. Bb5+ c6 16. Ba4 Re5 17. f3 Ra5 18. Bb3 c5 19. fxe4 cxd4 20. cxd4
Rxb3 21. Bd2 1-0

[Event "AUTO-OPEN-2816"]
[Site "http://www.queenalice.com/game.php?id=1168323"]
[Date "2013.4.4"]
[Round "2"]
[White "kamikaze"]
[Black "bbbdermn"]
[Result "0-1"]
[WhiteElo "2198"]
[BlackElo "2207"]

1. d4 Nf6 2. c4 e6 3. a3 c5 4. d5 exd5 5. cxd5 d6 6. Nc3 g6 7. e4 Bg7 8. Nf3 O-O
9. Bd3 Nbd7 10. O-O Ng4 11. Be2 Nde5 12. Nxe5 Nxe5 13. f4 Nd7 14. Be3 Re8 15.
Rc1 Bxc3 16. Rxc3 Rxe4 17. Bf3 Re8 18. Bf2 b5 19. Re1 Bb7 20. Rxe8+ Qxe8 0-1

[Event "AUTO-OPEN-2820"]
[Site "http://www.queenalice.com/game.php?id=1189148"]
[Date "2013.6.8"]
[Round "2"]
[White "sixk3b3g"]
[Black "bbbdermn"]
[Result "1-0"]
[WhiteElo "2426"]
[BlackElo "2213"]

1. d4 Nf6 2. c4 e6 3. g3 c5 4. e3 cxd4 5. exd4 d5 6. Nc3 a6 7. cxd5 Nxd5 8. Bg2
Nc6 9. Nge2 Nb6 10. O-O Be7 11. Bf4 1-0

[Event "AUTO-OPEN-2820"]
[Site "http://www.queenalice.com/game.php?id=1189149"]
[Date "2013.6.8"]
[Round "2"]
[White "bbbdermn"]
[Black "sixk3b3g"]
[Result "0-1"]
[WhiteElo "2219"]
[BlackElo "2422"]

1. d4 f5 2. g3 Nf6 3. Bg2 c6 4. Nf3 e6 5. c4 Be7 6. O-O O-O 7. b3 d5 8. Ne5 Nbd7
9. Nd3 Bd6 10. Bg5 dxc4 0-1